Fortuny (Record no. 168092)

MARC details
000 -LEADER
campo de control de longitud fija 00767nam a2200205 i 4500
001 - NÚMERO DE CONTROL
campo de control 168092
003 - IDENTIFICADOR DE NÚMERO DE CONTROL
campo de control ES-MaACL
005 - FECHA Y HORA DE LA ÚLTIMA TRANSACCIÓN
campo de control 20250822063223.0
008 - DATOS DE LONGITUD FIJA--INFORMACIÓN GENERAL
campo de control de longitud fija 941129s1882 sp af |||| |bspa d
100 1# - ENTRADA PRINCIPAL--NOMBRE DE PERSONA
Nombre de persona Yxart, Josep,
Fechas asociadas al nombre 1852-1895
9 (RLIN) 139230
245 10 - MENCIÓN DEL TÍTULO
Título Fortuny
Resto del título : ensayo biográfico-crítico /
Mención de responsabilidad, etc. por José Yxart ; fotograbados de Goupil ; y grabados al cinc de Guillaume y Thomas.
260 ## - PUBLICACIÓN, DISTRIBUCIÓN, ETC.
Lugar de publicación, distribución, etc. Barcelona :
Nombre del editor, distribuidor, etc. E. Doménech,
Fecha de publicación, distribución, etc. 1882.
300 ## - DESCRIPCIÓN FÍSICA
Extensión 174 p., [19] h. de lám. :
Otras características físicas il. ;
Dimensiones 21 cm.
600 14 - PUNTO DE ACCESO ADICIONAL DE MATERIA--NOMBRE DE PERSONA
Nombre de persona Fortuny, Mariano,
Fechas asociadas al nombre 1838-1874
9 (RLIN) 127120
700 1# - ENTRADA AGREGADA--NOMBRE PERSONAL
Nombre de persona Goupil, Fréderic-Auguste-Antoine.
9 (RLIN) 167519
700 1# - ENTRADA AGREGADA--NOMBRE PERSONAL
Nombre de persona Guillaume.
9 (RLIN) 60722
700 1# - ENTRADA AGREGADA--NOMBRE PERSONAL
Nombre de persona Thomas, Josep,
Fechas asociadas al nombre 1853-1910
9 (RLIN) 133224
852 ## - LOCALIZACIÓN
Ubicación ES-MaACL
Número de control de estantería B-736
Nota libre - Enc. tela
Holdings
Estatus retirado Estado de pérdida Estado de daño No para préstamo Colección Biblioteca de origen Biblioteca actual Ubicación en estantería Fecha de adquisición Fuente de adquisición Total de préstamos Signatura topográfica completa Código de barras Visto por última vez Precio de reemplazo Tipo de ítem Koha
        Libros del s. XIX Biblioteca del Ateneo de Madrid Biblioteca del Ateneo de Madrid Sala Pardo Bazán 17/01/2008     B-736 1176366 23/02/2023 23/02/2023 Libro impreso antiguo